000 00507nam a2200169 i 4500
001 145873
003 ES-MaACL
005 20230906201336.0
007 t|
008 071017s1945 ag ||||1| spa d
100 1 _aVerissimo, Erico.
_9114136
245 1 3 _aUn lugar al sol /
_cErico Verissimo ; traducción del portugués por Ana A. Rivas.
260 _aBuenos Aires :
_bSantiago Rueda,
_c[1945]
300 _a424 p. ;
_c22 cm.
700 1 _aRivas, Ana A.
_997548
852 _aES-MaACL
_jA-2399
_bR.23478
999 _c145873
_d145873